[Event "Muensterland Verbandsklasse 1819"]
[Site "Germany"]
[Date "2019.03.09"]
[Round "7.1"]
[White "Da Costa Campos, Andre"]
[Black "Voskuhl, Jens"]
[Result "0-1"]
[WhiteElo "1930"]
[BlackElo "1914"]
[PlyCount "96"]
[EventDate "2018.09.15"]
[EventType "team-tourn"]
[EventRounds "9"]
[EventCountry "GER"]
[SourceTitle "EXT 2020"]
[Source "ChessBase"]
[SourceDate "2019.10.17"]
[SourceVersion "1"]
[SourceVersionDate "2019.10.17"]
[SourceQuality "1"]
[WhiteTeam "Nienberge II"]
[BlackTeam "Ibbenbueren"]
[WhiteTeamCountry "GER"]
[BlackTeamCountry "GER"]

1. e4 d5 2. exd5 Qxd5 3. Nc3 Qa5 4. d4 Nf6 5. Nf3 Bg4 6. h3 Bh5 7. g4 Bg6 8. Ne5 c6 9. Bg2 Nbd7 10. Qe2 e6 11. Bd2 Nxe5 12. dxe5 Nd7 13. f4 Qb6 14. 0-0-0 0-0-0 15. Rhf1 h5 16. f5 Bh7 17. fxe6 fxe6 18. Bg5 Re8 19. Rf7 Nb8 20. Be3 Qa5 21. Bg5 Bg6 22. Rf3 hxg4 23. hxg4 Bc5 24. a3 Rhf8 25. Ne4 Rxf3 26. Bxf3 Nd7 27. Nxc5 Qxc5 28. Bf4 Rf8 29. Be3 Qxc2+ 30. Qxc2 Bxc2 31. Kxc2 Rxf3 32. Bxa7 Nxe5 33. Re1 Nxg4 34. Rxe6 Rf7 35. Re8+ Kd7 36. Rb8 Ke6 37. b4 Nf6 38. a4 g5 39. a5 g4 40. Kd3 g3 41. Ke2 Kd5 42. Bc5 Kc4 43. a6 bxa6 44. Rb6 Kd5 45. Rxa6 Ne4 46. Be3 g2 47. Ra8 Ng3+ 48. Kd3 Rf3 0-1

[Event "Muensterland Verbandsklasse-A 1213"]
[Site "Germany"]
[Date "2013.05.11"]
[Round "9.2"]
[White "Voskuhl, Jens"]
[Black "Jansen, Dirk Norbert"]
[Result "1/2-1/2"]
[WhiteElo "1945"]
[BlackElo "1919"]
[PlyCount "58"]
[EventDate "2012.09.15"]
[EventType "team-tourn"]
[EventRounds "9"]
[EventCountry "GER"]
[SourceTitle "EXT 2015"]
[Source "ChessBase"]
[SourceDate "2014.11.20"]
[SourceVersion "1"]
[SourceVersionDate "2014.11.20"]
[SourceQuality "1"]
[WhiteTeam "Ibbenbueren"]
[BlackTeam "Muenster SK IV"]
[WhiteTeamCountry "GER"]
[BlackTeamCountry "GER"]

1. e4 e6 2. Qe2 c5 3. g3 Nc6 4. Bg2 g6 5. c3 Bg7 6. d3 Nge7 7. Be3 d6 8. f4 0-0 9. Nf3 f5 10. 0-0 b6 11. exf5 exf5 12. d4 cxd4 13. Bxd4 Qd7 14. Re1 Bb7 15. Bxg7 Kxg7 16. Ng5 Rf6 17. Na3 Re8 18. Rad1 h6 19. Ne6+ Kh8 20. Nd4 Nxd4 21. Rxd4 Bxg2 22. Kxg2 Rff8 23. Qf3 Nc6 24. Rdd1 Rxe1 25. Rxe1 Re8 26. Rxe8+ Qxe8 27. Nc4 d5 28. Qxd5 Qe2+ 29. Kg1 Qe1+ 1/2-1/2

[Event "Muensterland Verbandsklasse-A 1112"]
[Site "Germany"]
[Date "2011.11.12"]
[Round "3.3"]
[White "Bueckers, Bernhard"]
[Black "Voskuhl, Jens"]
[Result "0-1"]
[WhiteElo "1763"]
[BlackElo "1927"]
[PlyCount "58"]
[EventDate "2011.09.17"]
[EventType "team-tourn"]
[EventRounds "9"]
[EventCountry "GER"]
[SourceTitle "EXT 2013"]
[Source "ChessBase"]
[SourceDate "2012.11.22"]
[SourceVersion "1"]
[SourceVersionDate "2012.11.22"]
[SourceQuality "1"]
[WhiteTeam "Metelen"]
[BlackTeam "Ibbenbueren"]
[WhiteTeamCountry "GER"]
[BlackTeamCountry "GER"]

1. c4 f5 2. d4 Nf6 3. Nc3 g6 4. g3 Bg7 5. Bg2 c6 6. Nf3 d6 7. 0-0 0-0 8. Ng5 h6 9. Nh3 e5 10. dxe5 dxe5 11. e4 fxe4 12. Re1 Na6 13. Be3 Bg4 14. Qxd8 Rfxd8 15. a3 Rd7 16. Kh1 Nc7 17. Ng1 Bf5 18. h3 h5 19. Bg5 Ne6 20. Bxf6 Bxf6 21. g4 hxg4 22. Nxe4 Bxe4 23. Bxe4 Nf4 24. Ne2 Nxh3 25. Bxg6 Rd2 26. Kg2 Bh4 27. Rad1 Rad8 28. Rxd2 Rxd2 29. Bf5 Nxf2 0-1

[Event "Muensterland Verbandsklasse-A 1112"]
[Site "Germany"]
[Date "2011.09.17"]
[Round "1.3"]
[White "Hoge, Torsten"]
[Black "Voskuhl, Jens"]
[Result "1/2-1/2"]
[WhiteElo "2005"]
[BlackElo "1927"]
[PlyCount "50"]
[EventDate "2011.09.17"]
[EventType "team-tourn"]
[EventRounds "9"]
[EventCountry "GER"]
[SourceTitle "EXT 2013"]
[Source "ChessBase"]
[SourceDate "2012.11.22"]
[SourceVersion "1"]
[SourceVersionDate "2012.11.22"]
[SourceQuality "1"]
[WhiteTeam "Gronau"]
[BlackTeam "Ibbenbueren"]
[WhiteTeamCountry "GER"]
[BlackTeamCountry "GER"]

1. Nf3 c5 2. e3 Nf6 3. b3 g6 4. Bb2 Bg7 5. Be2 0-0 6. 0-0 b6 7. d4 Bb7 8. c4 cxd4 9. Nxd4 Nc6 10. Bf3 Rc8 11. Nc3 Qc7 12. Nxc6 Bxc6 13. Bxc6 Qxc6 14. Rc1 d6 15. Re1 a6 16. e4 Qb7 17. Qe2 Rc7 18. f4 Rfc8 19. e5 Ne8 20. Nd5 Rd7 21. exd6 Bxb2 22. Qxb2 Nxd6 23. Qf2 Rc6 24. Re2 b5 25. Rce1 Nc8 1/2-1/2

[Event "Muensterland Verbandsklasse-B 1011"]
[Site "Germany"]
[Date "2011.01.29"]
[Round "6.2"]
[White "Voskuhl, Jens"]
[Black "Vestrick, Frank"]
[Result "1-0"]
[WhiteElo "1937"]
[BlackElo "1631"]
[PlyCount "49"]
[EventDate "2010.09.18"]
[EventType "team-tourn"]
[EventRounds "9"]
[EventCountry "GER"]
[SourceTitle "EXT 2012"]
[Source "ChessBase"]
[SourceDate "2011.11.24"]
[SourceVersion "1"]
[SourceVersionDate "2011.11.24"]
[SourceQuality "1"]
[WhiteTeam "Ibbenbueren"]
[BlackTeam "Heiden II"]
[WhiteTeamCountry "GER"]
[BlackTeamCountry "GER"]

1. e4 e6 2. Qe2 c5 3. g3 Nc6 4. Bg2 Be7 5. d3 d5 6. c3 Nf6 7. e5 Nd7 8. f4 0-0 9. Na3 a6 10. Nc2 b5 11. Nf3 Qb6 12. 0-0 a5 13. g4 Qc7 14. Bd2 Ba6 15. Rae1 b4 16. f5 exf5 17. gxf5 Rae8 18. e6 Nf6 19. Ng5 Bd6 20. exf7+ Rxf7 21. Qxe8+ Nxe8 22. Rxe8+ Bf8 23. Bxd5 Nd8 24. Bxf7+ Nxf7 25. Rxf8+ 1-0

[Event "Muensterland Verbandsklasse-A 0809"]
[Site "Germany"]
[Date "2008.12.06"]
[Round "4.2"]
[White "Pollok, Ralf"]
[Black "Voskuhl, Jens"]
[Result "1/2-1/2"]
[WhiteElo "2006"]
[BlackElo "1993"]
[PlyCount "79"]
[EventDate "2008.09.13"]
[EventType "team-tourn"]
[EventRounds "9"]
[EventCountry "GER"]
[SourceTitle "EXT 2010"]
[Source "ChessBase"]
[SourceDate "2010.11.25"]
[SourceVersion "1"]
[SourceVersionDate "2010.11.25"]
[SourceQuality "1"]
[WhiteTeam "Raesfeld Erle"]
[BlackTeam "Ibbenbueren"]
[WhiteTeamCountry "GER"]
[BlackTeamCountry "GER"]

1. d4 Nf6 2. c4 e6 3. Nc3 d5 4. Bg5 Be7 5. Nf3 0-0 6. e3 h6 7. Bh4 b6 8. Bxf6 Bxf6 9. cxd5 exd5 10. b4 c5 11. bxc5 bxc5 12. Rc1 Qa5 13. Qd2 c4 14. Be2 Nc6 15. 0-0 Bf5 16. Rfd1 Rfd8 17. Ne5 Bxe5 18. dxe5 Nxe5 19. Nxd5 Qxd2 20. Rxd2 Nd3 21. Rxc4 Rxd5 22. e4 Bxe4 23. Rxe4 Rad8 24. g3 Nc1 25. Rxd5 Nxe2+ 26. Rxe2 Rxd5 27. Re8+ Kh7 28. Re4 Ra5 29. a4 f5 30. Rc4 Kg6 31. Kf1 Kf6 32. Ke2 g5 33. Kd3 Ke5 34. Kc3 f4 35. gxf4+ gxf4 36. Kd3 Rd5+ 37. Ke2 h5 38. Rb4 a6 39. Rb6 Ra5 40. Rb4 1/2-1/2

[Event "Muensterland Verbandsklasse-A 0708"]
[Site "Germany"]
[Date "2007.10.20"]
[Round "2.2"]
[White "Wehling, Ulrich"]
[Black "Voskuhl, Jens"]
[Result "0-1"]
[WhiteElo "1650"]
[BlackElo "1995"]
[PlyCount "68"]
[EventDate "2007.09.22"]
[EventType "team"]
[EventRounds "9"]
[EventCountry "GER"]
[SourceTitle "EXT 2009"]
[Source "ChessBase"]
[SourceDate "2008.11.26"]
[SourceVersion "1"]
[SourceVersionDate "2008.11.26"]
[SourceQuality "1"]
[WhiteTeam "Muenster SK IV"]
[BlackTeam "Ibbenbueren"]
[WhiteTeamCountry "GER"]
[BlackTeamCountry "GER"]

1. d4 c5 2. e4 cxd4 3. Nf3 e5 4. Bc4 Nf6 5. 0-0 Qc7 6. Qe2 Be7 7. c3 dxc3 8. Nxc3 d6 9. Nb5 Qd8 10. Rd1 Nc6 11. Bg5 a6 12. Bxf6 gxf6 13. Nc3 Be6 14. Nd5 f5 15. Nxe7 Qxe7 16. exf5 Bxf5 17. Qd2 Rd8 18. Bd5 Rg8 19. Rac1 Bg4 20. Rc4 Qf6 21. Re1 Bxf3 22. Bxf3 Qxf3 23. g3 d5 24. Rxc6 bxc6 25. Rxe5+ Kd7 26. Qb4 Rge8 27. Qb7+ Kd6 28. Rxe8 Rxe8 29. Qb4+ Ke6 30. Qd4 Kf5 31. g4+ Qxg4+ 32. Qxg4+ Kxg4 33. Kg2 Re2 34. h3+ Kf4 0-1

[Event "Muensterland Verbandsklasse-A 0607"]
[Site "Germany"]
[Date "2007.04.21"]
[Round "8.2"]
[White "Rueberg, Jobst"]
[Black "Voskuhl, Jens"]
[Result "1/2-1/2"]
[WhiteElo "2084"]
[BlackElo "1984"]
[PlyCount "110"]
[EventDate "2006.09.23"]
[EventType "team"]
[EventRounds "9"]
[EventCountry "GER"]
[SourceTitle "EXT 2008"]
[Source "ChessBase"]
[SourceDate "2007.11.25"]
[SourceVersion "1"]
[SourceVersionDate "2007.11.25"]
[SourceQuality "1"]
[WhiteTeam "Sendenhorst"]
[BlackTeam "Ibbenbueren"]
[WhiteTeamCountry "GER"]
[BlackTeamCountry "GER"]

1. e4 d5 2. exd5 Qxd5 3. Nc3 Qa5 4. g3 Nf6 5. Bg2 Nc6 6. Nge2 Bf5 7. d3 0-0-0 8. Bd2 e5 9. 0-0 h5 10. Ne4 Qb6 11. Nxf6 gxf6 12. Be3 Bc5 13. Bxc5 Qxc5 14. Qc1 h4 15. Qe3 Qxc2 16. Rac1 Qxd3 17. Bxc6 bxc6 18. Qxa7 Qb5 19. Nc3 Qb7 20. Qe3 Qxb2 21. Qf3 Bd3 22. Qxc6 Qb7 23. Qxb7+ Kxb7 24. Rfe1 hxg3 25. fxg3 e4 26. Nxe4 Bxe4 27. Rxe4 Rd2 28. h4 Rxa2 29. Rb4+ Kc8 30. Rbc4 Ra7 31. Rc6 Rg8 32. Kh2 Ra2+ 33. Kh3 Kd7 34. Rxc7+ Ke6 35. R7c6+ Kf5 36. Rf1+ Ke5 37. Rcxf6 Ra3 38. R6f5+ Ke6 39. R5f3 Rxf3 40. Rxf3 f5 41. Rb3 Rg4 42. Rb5 Kf6 43. Rb6+ Kg7 44. Rc6 Kf7 45. h5 Kg7 46. h6+ Kh7 47. Rf6 Rg5 48. Kg2 Rg6 49. Rxf5 Kxh6 50. Kf3 Ra6 51. Kg4 Ra4+ 52. Kh3 Kg6 53. Rc5 Kh6 54. g4 Ra1 55. Rc3 Kg5 1/2-1/2

[Event "Muensterland Verbandsklasse-A 0607"]
[Site "Germany"]
[Date "2007.01.20"]
[Round "5.3"]
[White "Voskuhl, Jens"]
[Black "Lueke, Reinhard"]
[Result "1/2-1/2"]
[WhiteElo "1984"]
[BlackElo "1925"]
[PlyCount "99"]
[EventDate "2006.09.23"]
[EventType "team"]
[EventRounds "9"]
[EventCountry "GER"]
[SourceTitle "EXT 2008"]
[Source "ChessBase"]
[SourceDate "2007.11.25"]
[SourceVersion "1"]
[SourceVersionDate "2007.11.25"]
[SourceQuality "1"]
[WhiteTeam "Ibbenbueren"]
[BlackTeam "Emsdetten Turm III"]
[WhiteTeamCountry "GER"]
[BlackTeamCountry "GER"]

1. d4 d5 2. Nf3 Nf6 3. e3 e6 4. Bd3 b6 5. 0-0 Bb7 6. Nbd2 Nbd7 7. Qe2 Ne4 8. Ne5 Nxe5 9. dxe5 Nc5 10. Rd1 Nxd3 11. Qxd3 Qg5 12. Nf3 Qg6 13. Qb5+ c6 14. Qa4 Be7 15. Nd4 0-0 16. Nxc6 Bxc6 17. Qxc6 Rfc8 18. Qd7 Qxc2 19. Bd2 Rc7 20. Qb5 Qc4 21. Qxc4 Rxc4 22. Rac1 Rac8 23. Rxc4 Rxc4 24. Rc1 Kf8 25. b3 Rxc1+ 26. Bxc1 Ke8 27. Kf1 Kd7 28. Ke2 Kc6 29. Kd3 Kb5 30. e4 dxe4+ 31. Kxe4 Kb4 32. Bb2 Bc5 33. f4 g6 34. g4 Bf2 35. f5 Be1 36. fxe6 fxe6 37. Kd3 a5 38. h3 b5 39. Kd4 a4 40. bxa4 bxa4 41. Kd3 Kc5 42. Ke4 Kc4 43. Kf4 Bd2+ 44. Ke4 Bc3 45. Bc1 Bb4 46. Bb2 a3 47. Bc1 Kc3 48. Bg5 Kb2 49. Kd3 Kxa2 50. Kc2 1/2-1/2

[Event "Muensterland Verbandsklasse-A 0506"]
[Site "Germany"]
[Date "2006.04.08"]
[Round "8.2"]
[White "Voskuhl, Jens"]
[Black "Rueberg, Jobst"]
[Result "1/2-1/2"]
[WhiteElo "1976"]
[BlackElo "2242"]
[PlyCount "28"]
[EventDate "2005.09.03"]
[EventType "team"]
[EventRounds "9"]
[EventCountry "GER"]
[SourceTitle "EXT 2006"]
[Source "ChessBase"]
[SourceDate "2005.11.24"]
[SourceVersion "1"]
[SourceVersionDate "2005.11.24"]
[SourceQuality "1"]
[WhiteTeam "Ibbenbueren"]
[BlackTeam "Sendenhorst"]
[WhiteTeamCountry "GER"]
[BlackTeamCountry "GER"]

1. e4 c5 2. Nf3 e6 3. c3 Nc6 4. d4 d5 5. exd5 Qxd5 6. Be3 cxd4 7. Nxd4 Nxd4 8. Qxd4 Qxd4 9. Bxd4 Bd7 10. Nd2 Ne7 11. Bd3 Nc6 12. Be3 Be7 13. 0-0 0-0 14. Rfd1 Rfd8 1/2-1/2

[Event "Muensterland Verbandsklasse-A 0506"]
[Site "Germany"]
[Date "2006.02.11"]
[Round "6.2"]
[White "Voskuhl, Jens"]
[Black "Darwisch, Khaled"]
[Result "1-0"]
[WhiteElo "1976"]
[BlackElo "1865"]
[PlyCount "69"]
[EventDate "2005.09.03"]
[EventType "team"]
[EventRounds "9"]
[EventCountry "GER"]
[SourceTitle "EXT 2006"]
[Source "ChessBase"]
[SourceDate "2005.11.24"]
[SourceVersion "1"]
[SourceVersionDate "2005.11.24"]
[SourceQuality "1"]
[WhiteTeam "Ibbenbueren"]
[BlackTeam "Ahaus Wessum"]
[WhiteTeamCountry "GER"]
[BlackTeamCountry "GER"]

1. e4 c5 2. Nf3 g6 3. c3 Bg7 4. d4 cxd4 5. cxd4 a6 6. Nc3 b5 7. Bd3 Bb7 8. 0-0 d6 9. Qb3 Nc6 10. d5 Na5 11. Qb4 Nf6 12. a4 0-0 13. axb5 axb5 14. Nxb5 Nc6 15. dxc6 Rxa1 16. cxb7 Qb6 17. e5 dxe5 18. Qxe7 Ng4 19. Qc7 Qxc7 20. Nxc7 Rb8 21. Be4 f5 22. Bd5+ Kh8 23. Be3 Ra5 24. Rc1 e4 25. Nd4 f4 26. Nc6 fxe3 27. Nxa5 exf2+ 28. Kf1 Bxb2 29. Rb1 e3 30. h3 Nh2+ 31. Ke2 Rf8 32. Ne6 Re8 33. Nc6 f1Q+ 34. Rxf1 Nxf1 35. Kxf1 1-0